| 000 | 01304nam a22003015a 4500 | ||
|---|---|---|---|
| 003 | OSt | ||
| 005 | 20180215104627.0 | ||
| 008 | 180204s2015 ua o grb 000 0 ara d | ||
| 017 | _a2015 / 2845 | ||
| 040 |
_aEG-ScBUE _bara _cEG-ScBUE |
||
| 043 | _af-ua--- | ||
| 082 | 0 | 4 |
_a302.230962 _bص ي ا _222 |
| 100 | 1 | _aصياد، إبراهيم. | |
| 245 | 1 | 2 |
_aاللحظات الحاسمة : _bشهادة من قلب ماسبيرو / _cإبراهيم الصياد. |
| 250 | _aط. 1. | ||
| 260 |
_aالسادس من أكتوبر، مصر : _bكتبخانة للنشر والطباعة والتوزيع، _c2015. |
||
| 300 |
_a149 ص. : _bصور ؛ _c22 سم. |
||
| 504 | _aيشتمل على إرجاعات ببليوجرافية. | ||
| 541 |
_aدكتور شومان ؛ _cإهداء ؛ |
||
| 541 |
_aأستاذ محمد فريد خميس ؛ _cإهداء ؛ |
||
| 610 | 1 | 7 |
_aاتحاد الإذاعة والتليفزيون (مصر) _2BUEsh |
| 650 | 7 |
_aوسائل الإعلام _zمصر. _yثورة، 2011. _2BUEsh |
|
| 650 | 7 |
_aوسائل الإعلام _zمصر _yثورة، 2013. _2BUEsh |
|
| 651 | 7 |
_aمصر _xسياسة وحكومة _yثورة، 2011. _2BUEsh |
|
| 651 | 7 |
_aمصر _xسياسة وحكومة _yثورة، 2013. _2BUEsh |
|
| 653 |
_bCOMAME _bBUSBOL _cFebruary2018 |
||
| 942 | _2ddc | ||
| 999 |
_c26065 _d26037 |
||